| 000 | 00640nam a22001937a 4500 | ||
|---|---|---|---|
| 003 | OSt | ||
| 005 | 20131018175944.0 | ||
| 008 | 130611s1989 |||||||| |||| 00| 0 spa d | ||
| 020 | _a968667716X | ||
| 040 | _cCDMR | ||
| 100 | 1 |
_93750 _aNewsom, D. Earl |
|
| 245 | 1 | 3 |
_aEl periódico _b: todo lo que usted necesita saber para editar un periódico _cD. Earl Newsom... [et al.] |
| 260 |
_aMéxico _bPubligrafics _c[1989] |
||
| 300 |
_a266 p. _c28 cm |
||
| 650 | 0 | 4 |
_9311 _aEmpreses periodístiques _xAspectes econòmics |
| 650 | 0 | 4 |
_93665 _aEmpreses periodístiques _xDirecció i administració |
| 650 | 0 | 4 |
_9154 _aPublicitat _xDiaris |
| 942 |
_2udc _cMON |
||
| 999 |
_c6446 _d6446 |
||